000 00414nam a22001337a 4500
082 _a005.13 SUD
100 _aSudkamp, Thomas A.
_969601
245 _aLanguages and machines:an introduction to the theory of computer science
250 _a3rd
260 _aIndia
_bPearson
_c2017
300 _axvii,654 P
650 _aLanguages and Machines:An introduction to the theory of computer science
_969602
942 _cBK
999 _c576818
_d576818